[Event "50th World Juniors"]
[Site "Chennai IND"]
[Date "2011.08.04"]
[Round "3.30"]
[White "Swayams, Mishra"]
[Black "Surendran, N."]
[Result "1-0"]
[WhiteElo "2378"]
[BlackElo "2187"]
[WhiteFideId "5028183"]
[BlackFideId "5021243"]
[EventDate "2011.08.02"]

1. d4 Nf6 2. c4 e6 3. Nc3 Bb4 4. e3 O-O 5. Ne2 d5 6. a3 Be7 7. Ng3 c5 8. dxc5
dxc4 9. Bxc4 Bxc5 10. O-O a6 11. b4 Be7 12. Qe2 Nc6 13. Rd1 Qc7 14. Bb2 b5 15.
Ba2 Bb7 16. Rac1 Rad8 17. Nce4 Rxd1+ 18. Qxd1 Rd8 19. Qc2 Qd7 20. Bxf6 gxf6 21.
Nh5 Qd3 22. Nexf6+ Bxf6 23. Nxf6+ Kg7 24. Qxd3 Rxd3 25. Bb1 Rxa3 26. Ne8+ Kf8
27. Nd6 Nd8 28. Bxh7 Kg7 29. Be4 Bxe4 30. Nxe4 Nc6 31. h4 Nxb4 32. Rc7 Nd5 33.
Rb7 Ra1+ 34. Kh2 Ra4 35. Ng5 Rxh4+ 36. Kg3 Rc4 37. Nxe6+ Kf6 38. Nd4 Rc7 39. Rb8
Ra7 40. Rd8 Ne7 41. Kf4 b4 42. Rd6+ Kg7 43. Ke4 a5 44. Rb6 Ra8 45. Rb7 Re8 46.
Kd3 Nd5 47. Rb5 Nc3 48. Rg5+ Kf6 49. Rxa5 Ne4 50. Rf5+ Kg6 51. Rf4 f5 52. g4
Nxf2+ 53. Rxf2 fxg4 54. Rb2 Rb8 55. Ke2 Kg5 56. Nc6 Rb6 57. Nxb4 g3 58. Kf3 Kh4
59. Kg2 Rd6 60. Rc2 Rg6 61. Rc4+ Kh5 62. Rc5+ Kh4 63. Nd5 Rd6 64. Rc4+ Kg5 65.
Nf4 1-0

[Event "50th World Juniors"]
[Site "Chennai IND"]
[Date "2011.08.04"]
[Round "3.31"]
[White "Priyadharshan, K."]
[Black "Soares, Erikson Roberto Mauricio"]
[Result "1-0"]
[WhiteTitle "IM"]
[WhiteElo "2376"]
[BlackElo "2181"]
[WhiteFideId "5018293"]
[BlackFideId "10100091"]
[EventDate "2011.08.02"]

1. e4 e6 2. d4 d5 3. Nd2 Nf6 4. e5 Nfd7 5. Ngf3 c5 6. c3 Nc6 7. Bd3 Be7 8. O-O
g5 9. dxc5 Ndxe5 10. Nxe5 Nxe5 11. Nb3 Qc7 12. f4 Bxc5+ 13. Nxc5 Qxc5+ 14. Rf2
Nxd3 15. Qxd3 g4 16. Be3 Qc4 17. Qd2 Bd7 18. f5 O-O-O 19. Rf4 Qa6 20. Rxg4 Rhg8
21. Rxg8 Rxg8 22. Bd4 exf5 23. Qf2 Kb8 24. a3 Ka8 25. Re1 Be6 26. Qh4 b6 27.
Qxh7 Rg4 28. h3 Re4 29. Rxe4 fxe4 30. Qh4 Qd3 31. Qf2 Kb7 32. Kh2 Ka6 33. a4
Qxd4 34. h4 1-0

[Event "50th World Juniors"]
[Site "Chennai IND"]
[Date "2011.08.04"]
[Round "3.33"]
[White "Barbosa, Evandro Amorim"]
[Black "Chaithanyaa, K.G."]
[Result "1-0"]
[WhiteTitle "FM"]
[WhiteElo "2343"]
[BlackElo "2088"]
[WhiteFideId "2115824"]
[BlackFideId "5068754"]
[EventDate "2011.08.02"]

1. e4 c5 2. Nf3 e6 3. d4 cxd4 4. Nxd4 Nf6 5. Nc3 Nc6 6. Ndb5 Bb4 7. a3 Bxc3+ 8.
Nxc3 d5 9. exd5 exd5 10. Bd3 O-O 11. O-O d4 12. Ne2 Bg4 13. f3 Bh5 14. Nf4 Bg6
15. Nxg6 hxg6 16. f4 Ne7 17. Qf3 Qb6 18. Kh1 Rfe8 19. Qh3 Rac8 20. Bd2 Ned5 21.
f5 Ne3 22. fxg6 Nxf1 23. Rxf1 fxg6 24. Bxg6 Qe6 25. g4 Qxg4 26. Bf7+ Kf8 27.
Bb4+ Re7 28. Qxg4 Nxg4 29. Be6+ Ke8 1-0

[Event "50th World Juniors"]
[Site "Chennai IND"]
[Date "2011.08.04"]
[Round "3.34"]
[White "Santos, Hugo Lima"]
[Black "Artemenko, Oleg"]
[Result "0-1"]
[WhiteElo "2078"]
[BlackElo "2341"]
[WhiteFideId "1913026"]
[BlackFideId "14201798"]
[EventDate "2011.08.02"]

1. e4 c5 2. Nc3 Nc6 3. g3 g6 4. Bg2 Bg7 5. d3 e6 6. f4 Nge7 7. Nf3 d5 8. O-O d4
9. Ne2 O-O 10. g4 f5 11. gxf5 exf5 12. e5 Be6 13. h4 h5 14. Ng5 Bd5 15. Rf2 Bh6
16. Bxd5+ Qxd5 17. Rg2 Bxg5 18. Rxg5 Nd8 19. Rg2 Kf7 20. Kh2 Ne6 21. Bd2 Ng8 22.
Ng3 Ng7 23. Ne2 Nh6 24. c4 Qf3 25. Rg3 Ng4+ 26. Kh3 Nf2+ 27. Kh2 Qxg3+ 28. Kxg3
Nxd1 29. Rxd1 Ne6 30. a4 a6 31. a5 Rfb8 32. b4 cxb4 33. Bxb4 b5 34. Bd6 Rc8 35.
c5 Nxc5 36. Nxd4 Ne6 37. Nf3 Rc3 38. d4 Rd8 39. d5 Nc5 40. e6+ Ke8 41. Be5 Ne4+
42. Kg2 Rc2+ 43. Kg1 b4 44. Ng5 Nxg5 45. hxg5 b3 46. d6 b2 47. d7+ Ke7 48. Bf6+
Kxe6 49. Re1+ Kxd7 50. Rd1+ Kc6 0-1

[Event "50th World Juniors"]
[Site "Chennai IND"]
[Date "2011.08.04"]
[Round "3.35"]
[White "Krishna, C.R.G."]
[Black "Gireman, Ja"]
[Result "1-0"]
[WhiteElo "2330"]
[BlackElo "2084"]
[WhiteFideId "5018625"]
[BlackFideId "5043794"]
[EventDate "2011.08.02"]

1. d4 d5 2. Nf3 Nf6 3. c4 c6 4. e3 e6 5. Qc2 Nbd7 6. Nbd2 Bd6 7. Bd3 e5 8. cxd5
cxd5 9. dxe5 Nxe5 10. Nxe5 Bxe5 11. Nf3 Bd6 12. Bd2 O-O 13. Bc3 h6 14. O-O Bg4
15. Nd4 a6 16. Nf5 Bxf5 17. Bxf5 Qe7 18. Rfd1 Be5 19. Bd4 Bxd4 20. Rxd4 Rad8 21.
Rc1 Rd6 22. Qc7 Qxc7 23. Rxc7 Rb6 24. b3 Rb8 25. Bd3 g6 26. Kf1 Kf8 27. Ke2 Re8
28. Bc2 Re7 29. Rc5 Ree6 30. b4 Rbc6 31. Bb3 b6 32. Rxc6 Rxc6 33. Kd1 Rd6 34. f3
Ke7 35. Kd2 Rd8 36. g3 Rd6 37. Kd3 Rd8 38. Kc3 Rc8+ 39. Kd2 Rd8 40. a3 Rd7 41.
Kc3 Rc7+ 42. Kb2 Rd7 43. a4 Rd8 44. Kc3 Rc8+ 45. Kd2 Rd8 46. Kd3 Rd6 47. Ba2 Rd8
48. Kd2 Rd6 49. Bb3 Rd8 50. Rd3 Rd7 51. Kc3 Rc7+ 52. Kd4 Kd6 53. Rd1 Rc8 54. h3
Ke7 55. g4 g5 56. Rh1 a5 57. bxa5 bxa5 58. h4 Rb8 59. Bxd5 Nxd5 60. Kxd5 Rb3 61.
hxg5 hxg5 62. Ke4 Ra3 63. Rc1 Rxa4+ 64. Kf5 Ra3 65. Rc7+ Ke8 66. Kxg5 Rxe3 67.
f4 a4 1-0

[Event "50th World Juniors"]
[Site "Chennai IND"]
[Date "2011.08.04"]
[Round "3.36"]
[White "Sochacki, Wojtek"]
[Black "Akash Pc, Iyer"]
[Result "0-1"]
[WhiteTitle "FM"]
[WhiteElo "2316"]
[BlackElo "2069"]
[WhiteFideId "651389"]
[BlackFideId "5006775"]
[EventDate "2011.08.02"]

1. e4 e5 2. Nf3 Nc6 3. d4 exd4 4. Nxd4 Bc5 5. Nxc6 Qf6 6. Qf3 Qxf3 7. gxf3 dxc6
8. Be3 Bd6 9. Nd2 Be6 10. f4 f5 11. Bd4 Ne7 12. e5 Bb4 13. c3 Ba5 14. Nc4 Bb6
15. Be3 Kf7 16. a4 Bxe3 17. fxe3 Rad8 18. Be2 g6 19. Kf2 Nd5 20. a5 Ne7 21. Rhd1
Rxd1 22. Rxd1 Ra8 23. Na3 Ke8 24. h4 h5 25. c4 Rd8 26. Rxd8+ Kxd8 27. b4 Kc8 28.
Bf3 Kd7 29. Ke2 Kc8 30. Kd3 Kd7 31. Nc2 Bf7 32. Nd4 Bg8 33. Nb3 b6 34. Nd4 Bf7
35. a6 Bg8 36. Bd1 Bf7 37. Bb3 Bg8 38. Ba4 Bf7 39. Bd1 Bg8 40. Bf3 Bf7 41. Bg2
Bg8 42. Bh3 Bf7 43. Nf3 b5 44. cxb5 cxb5 45. Kd4 Nd5 46. Ng5 Be6 47. Nh7 Nxb4
48. e4 Ke7 49. exf5 Bxf5 50. Bf1 c6 51. Kc5 Nxa6+ 52. Kxc6 Nb4+ 53. Kxb5 Nd5 54.
Ka6 Nxf4 55. Ng5 Bd3+ 56. Bxd3 Nxd3 57. Kxa7 Nxe5 58. Kb6 Nf7 59. Nf3 Ke6 60.
Kc5 Kf5 61. Kd4 Kf4 62. Ng1 Kg3 63. Kd5 Kxh4 64. Ke6 Nh8 65. Kf6 Kg4 66. Kg7 h4 0-1

[Event "50th World Juniors"]
[Site "Chennai IND"]
[Date "2011.08.04"]
[Round "3.38"]
[White "Kunal, M."]
[Black "Visakh, NR"]
[Result "1/2-1/2"]
[WhiteElo "2298"]
[BlackElo "2042"]
[WhiteFideId "5018250"]
[BlackFideId "25012223"]
[EventDate "2011.08.02"]

1. e4 c5 2. Nf3 d6 3. d4 cxd4 4. Nxd4 Nf6 5. Nc3 a6 6. Be2 e5 7. Nb3 Be7 8. a4
O-O 9. O-O Nc6 10. Bg5 Be6 11. Bxf6 Bxf6 12. Nd5 Bxd5 13. Qxd5 Qc7 14. c3 Rfd8
15. Bf3 Ne7 16. Qd3 Rac8 17. Rfd1 g6 18. a5 Bg7 19. Ra4 f5 20. exf5 gxf5 21.
Bd5+ Nxd5 22. Qxd5+ Qf7 23. Rb4 Rd7 24. Rb6 Rcd8 25. f4 Qxd5 26. Rxd5 Bh6 27. g3
exf4 28. Kg2 fxg3 29. hxg3 Be3 30. Rb4 Rf7 31. Kf3 Bh6 32. Nd4 Bg7 33. Nxf5 Be5
34. g4 h5 35. Ke3 Kh7 36. Rd1 Re8 37. Re4 hxg4 38. Rf1 Re6 39. Kd3 Ref6 40. Rxg4
Rh6 41. Ke4 Rh5 42. Rf3 Bh8 43. Rgf4 Be5 44. Rg4 Bh8 45. c4 Bxb2 46. Rg2 Bc3 47.
Ra2 Bb4 48. Rf4 Kh8 49. Ra4 Bc5 50. Ra1 Rf8 51. Rd1 Rf6 52. Rd5 Rh3 53. Rh4+
Rxh4+ 54. Nxh4 Re6+ 55. Kf5 Re1 56. Kf6 Rf1+ 57. Nf5 Kg8 58. Ke6 Re1+ 59. Kd7
Re4 60. Kc8 Rxc4 61. Kxb7 Kf7 62. Ng3 Ke6 63. Rh5 Ra4 64. Kxa6 1/2-1/2

[Event "50th World Juniors"]
[Site "Chennai IND"]
[Date "2011.08.04"]
[Round "3.40"]
[White "Rajesh, V A V"]
[Black "Krishna, Prasad K.C."]
[Result "1-0"]
[WhiteTitle "FM"]
[WhiteElo "2292"]
[BlackElo "2027"]
[WhiteFideId "5029317"]
[BlackFideId "5020239"]
[EventDate "2011.08.02"]

1. d4 Nf6 2. c4 e6 3. Nc3 d5 4. Bg5 c6 5. e3 Nbd7 6. Nf3 Qa5 7. Bxf6 Nxf6 8. Nd2
Bb4 9. Qc2 O-O 10. Bd3 c5 11. O-O cxd4 12. exd4 Bxc3 13. bxc3 dxc4 14. Nxc4 Qc7
15. Ne5 b6 16. Rac1 Bb7 17. Rfe1 h6 18. Qd2 Rac8 19. Bb1 Qd6 20. Re3 Rfd8 21.
Rce1 Rc7 22. Rg3 Kf8 23. f4 b5 24. f5 exf5 25. Bxf5 b4 26. cxb4 Qxd4+ 27. Qxd4
Rxd4 28. Rb3 Rd3 29. Bxd3 1-0

[Event "50th World Juniors"]
[Site "Chennai IND"]
[Date "2011.08.04"]
[Round "3.42"]
[White "Kozganbayev, Erken"]
[Black "Bukhalaf, Khalil"]
[Result "0-1"]
[WhiteElo "2284"]
[BlackElo "2004"]
[WhiteFideId "13703773"]
[BlackFideId "11200596"]
[EventDate "2011.08.02"]

1. e4 c6 2. c4 d5 3. cxd5 cxd5 4. exd5 Nf6 5. Qa4+ Bd7 6. Qb3 Qb6 7. Qxb6 axb6
8. Nc3 Na6 9. Bc4 Nb4 10. Ke2 Ra5 11. d3 b5 12. Bb3 Bf5 13. Be3 Bxd3+ 14. Kd2
Bc4 15. Nf3 Nbxd5 16. Ne5 Nxc3 17. bxc3 Bd5 18. Ng4 Bxb3 19. Nxf6+ gxf6 20. axb3
Rxa1 21. Rxa1 Kd7 22. Kc2 e6 23. Rd1+ Kc6 24. b4 Be7 25. Rd4 f5 26. c4 Rd8 27.
Rf4 Rg8 28. cxb5+ Kxb5 29. Rd4 Rd8 30. Rxd8 Bxd8 31. Bd2 Kc4 32. f3 Be7 33. Bc3
Bxb4 34. Be5 Ba3 35. h4 b5 36. g4 fxg4 37. fxg4 b4 38. h5 b3+ 39. Kb1 Kd5 40.
Bf6 e5 41. Bg5 Kd4 0-1

[Event "50th World Juniors"]
[Site "Chennai IND"]
[Date "2011.08.04"]
[Round "3.44"]
[White "Shyam, Sundar M."]
[Black "Sidhant, Mohapatra"]
[Result "1/2-1/2"]
[WhiteTitle "IM"]
[WhiteElo "2478"]
[BlackElo "2155"]
[WhiteFideId "5019141"]
[BlackFideId "5028698"]
[EventDate "2011.08.02"]

1. e4 c5 2. Nf3 e6 3. d4 cxd4 4. Nxd4 Nf6 5. Nc3 Nc6 6. Nxc6 bxc6 7. e5 Nd5 8.
Ne4 Qc7 9. f4 Qb6 10. c4 Bb4+ 11. Ke2 Ba6 12. Kf3 f5 13. exf6 Nxf6 14. c5 Qa5
15. Nxf6+ gxf6 16. Bxa6 Qxa6 17. Qd4 Qb5 18. Be3 O-O-O 19. a3 Ba5 20. b4 Bc7 21.
a4 Qb7 22. Rhb1 e5 23. Qc4 exf4 24. Bxf4 Bxf4 25. Qxf4 Rhg8 26. Kf2 Rde8 27. g3
Qc7 28. Re1 Qxf4+ 29. gxf4 Kc7 30. Kf3 f5 31. b5 Rxe1 32. Rxe1 cxb5 33. axb5 Rb8
34. Rb1 d6 35. cxd6+ Kxd6 36. Rd1+ Ke6 37. Ra1 Rxb5 38. Rxa7 Rb3+ 39. Kg2 h5 40.
Rh7 h4 41. Rxh4 Kd5 42. Rh3 Rb2+ 43. Kf3 Rb3+ 1/2-1/2

[Event "50th World Juniors"]
[Site "Chennai IND"]
[Date "2011.08.04"]
[Round "3.45"]
[White "Valsecchi, Alessio"]
[Black "Mithil, Ajgaonkar"]
[Result "1-0"]
[WhiteTitle "FM"]
[WhiteElo "2354"]
[BlackElo "2130"]
[WhiteFideId "818860"]
[BlackFideId "5017343"]
[EventDate "2011.08.02"]

1. e4 c6 2. c4 d5 3. exd5 cxd5 4. cxd5 Nf6 5. Nc3 Nxd5 6. Nf3 e6 7. Bc4 Be7 8.
O-O Nc6 9. d4 O-O 10. Re1 Nxc3 11. bxc3 b6 12. Bd3 Bb7 13. h4 Bxh4 14. Nxh4 Qxh4
15. Re3 g6 16. Rg3 Qf6 17. Bg5 Qg7 18. Qd2 Rfe8 19. Bh6 Qh8 20. Re1 Rad8 21. Bg5
Rc8 22. Qf4 Ne7 23. Qh4 Nd5 24. c4 f6 25. Bd2 Nc7 26. Bxg6 hxg6 27. Rxg6+ Kf7
28. Rh6 Qg7 29. Rh7 Rh8 30. Rxg7+ Kxg7 31. Qg4+ Kf7 32. d5 Rcg8 33. Qf4 Nxd5 34.
cxd5 Bxd5 35. f3 Rc8 36. Rc1 1-0

[Event "50th World Juniors"]
[Site "Chennai IND"]
[Date "2011.08.04"]
[Round "3.46"]
[White "Jefic, Srdjan"]
[Black "Soors, Stef"]
[Result "1/2-1/2"]
[BlackTitle "FM"]
[WhiteElo "2143"]
[BlackElo "2353"]
[WhiteFideId "14403080"]
[BlackFideId "209511"]
[EventDate "2011.08.02"]

1. e4 c6 2. d4 d5 3. exd5 cxd5 4. Nf3 Nc6 5. Bd3 Bg4 6. c3 Qc7 7. O-O e6 8. Re1
Bd6 9. h3 Bh5 10. Nbd2 Nf6 11. Nf1 O-O 12. Bg5 Rfe8 13. Bh4 Rab8 14. g4 Bg6 15.
Bg3 Bxd3 16. Qxd3 Ne4 17. Bxd6 Qxd6 18. Kg2 b5 19. Re2 Na5 20. Ng3 Nxg3 21. fxg3
Nc6 22. Rf1 e5 23. dxe5 Nxe5 24. Nxe5 Rxe5 25. Rxe5 Qxe5 26. Rf5 Qc7 27. Rxd5 g6
28. Rd7 Qa5 29. Qd5 Rf8 30. Re7 a6 31. a3 Qa4 32. Re2 Qa5 33. Rf2 Qc7 34. h4 Qe7
35. h5 Rd8 36. Rxf7 Rxd5 37. Rxe7 gxh5 38. gxh5 Rxh5 39. Kf3 Kf8 40. Re2 Kf7 41.
Rc2 Rc5 42. b3 Kf6 43. c4 Kf5 44. Rc3 Ke5 45. Ke3 bxc4 46. bxc4 Rc7 47. Rc2 Rg7
48. Kf3 Kd4 49. c5 Rc7 50. c6 Kd5 51. Kg4 Rxc6 52. Rxc6 Kxc6 1/2-1/2

[Event "50th World Juniors"]
[Site "Chennai IND"]
[Date "2011.08.04"]
[Round "3.47"]
[White "Lokesh, N."]
[Black "Rojas Alarcon, Julian Antonio"]
[Result "1/2-1/2"]
[BlackTitle "FM"]
[WhiteElo "2090"]
[BlackElo "2291"]
[WhiteFideId "5025044"]
[BlackFideId "5107407"]
[EventDate "2011.08.02"]

1. e4 c5 2. Nf3 d6 3. d4 cxd4 4. Nxd4 Nf6 5. Nc3 g6 6. f3 Bg7 7. Be3 Nc6 8. Bc4
O-O 9. Qd2 Bd7 10. h4 Na5 11. Bb3 Qc7 12. Bh6 Nxb3 13. axb3 Bxh6 14. Qxh6 d5 15.
O-O-O dxe4 16. h5 Qe5 17. hxg6 fxg6 18. Nxe4 Rf7 19. Ng5 Rg7 20. Kb1 Rc8 21. g4
Qa5 22. Nde6 Bxe6 23. Nxe6 Rf7 24. Ng5 Rg7 25. Ne6 Rf7 26. Ng5 Rg7 27. Ne6 Rf7
28. Rh2 1/2-1/2

[Event "50th World Juniors"]
[Site "Chennai IND"]
[Date "2011.08.04"]
[Round "3.48"]
[White "Aaron, Deepak"]
[Black "Debashish, Dutta"]
[Result "0-1"]
[WhiteElo "2288"]
[BlackElo "2127"]
[WhiteFideId "2009412"]
[BlackFideId "5037816"]
[EventDate "2011.08.02"]

1. e4 c5 2. Nf3 Nc6 3. d4 cxd4 4. Nxd4 g6 5. Nc3 Bg7 6. Be3 Nf6 7. Bc4 O-O 8.
Bb3 a5 9. O-O d6 10. h3 Bd7 11. a4 Rc8 12. Qd2 Nxd4 13. Bxd4 Bc6 14. Qe3 Nd7 15.
Bxg7 Kxg7 16. Rad1 Qb6 17. Qg5 f6 18. Qg4 Nc5 19. Nd5 Bxd5 20. exd5 Rc7 21. Qf3
Rf7 22. Rfe1 Nxb3 23. cxb3 Rc2 24. Re3 Rxb2 25. Rde1 Qc7 26. Re6 Rc2 27. R1e3
Rc5 28. h4 b5 29. h5 bxa4 30. hxg6 hxg6 31. Qe4 Rc1+ 32. Kh2 Qc2 33. Qg4 Qd1 34.
Qxa4 Qh1+ 35. Kg3 Rg1 36. Qe4 f5 37. Qd4+ Kf8 38. Rf3 f4+ 0-1

[Event "50th World Juniors"]
[Site "Chennai IND"]
[Date "2011.08.04"]
[Round "3.50"]
[White "Das, Sayantan"]
[Black "Manigandan, S S"]
[Result "1-0"]
[WhiteTitle "FM"]
[WhiteElo "2246"]
[BlackElo "2109"]
[WhiteFideId "5034426"]
[BlackFideId "5034981"]
[EventDate "2011.08.02"]

1. e4 e6 2. d4 d5 3. Nc3 Bb4 4. e5 c5 5. a3 Bxc3+ 6. bxc3 Ne7 7. Qg4 O-O 8. Bd3
f5 9. exf6 Rxf6 10. Bg5 Rf7 11. Qh5 g6 12. Qd1 Qa5 13. Bd2 Nbc6 14. Nf3 Qc7 15.
dxc5 e5 16. Ng5 Rf8 17. c4 e4 18. Be2 Qe5 19. f4 exf3 20. Nxf3 Rxf3 21. gxf3 Bh3
22. Kf2 Nf5 23. Bg5 d4 24. Qd2 Re8 25. Bf4 Qf6 26. Rag1 Qh4+ 27. Rg3 d3 28. Bxd3
Nxg3 29. hxg3 Qh5 30. Be4 Qxc5+ 31. Be3 Qh5 32. Qd5+ Qxd5 33. cxd5 1-0

[Event "50th World Juniors"]
[Site "Chennai IND"]
[Date "2011.08.04"]
[Round "3.52"]
[White "Shreyans, K. Shah"]
[Black "Zulfic, Fedja"]
[Result "0-1"]
[WhiteElo "2203"]
[BlackElo "2098"]
[WhiteFideId "5029074"]
[BlackFideId "3208427"]
[EventDate "2011.08.02"]

1. e4 c5 2. f4 e6 3. Nf3 d5 4. d3 Nc6 5. c3 Be7 6. g3 b6 7. Bg2 Bb7 8. e5 h5 9.
Na3 Nh6 10. Nc2 d4 11. c4 Qd7 12. Qe2 O-O-O 13. Bd2 Nf5 14. O-O-O h4 15. g4 Ne3
16. Bxe3 dxe3 17. h3 Nd4 18. Qxe3 Qa4 19. Na3 b5 20. cxb5 Bd5 21. Kb1 Nxb5 22.
Nc4 Bxc4 0-1

[Event "50th World Juniors"]
[Site "Chennai IND"]
[Date "2011.08.04"]
[Round "3.53"]
[White "Navalgund, Niranjan"]
[Black "Bryan-Vissi, Mark"]
[Result "1-0"]
[WhiteElo "2188"]
[BlackElo "1815"]
[WhiteFideId "5030854"]
[BlackFideId "5900638"]
[EventDate "2011.08.02"]

1. d4 Nf6 2. c4 e6 3. g3 d5 4. Nf3 dxc4 5. Bg2 b5 6. O-O Bb7 7. a4 c6 8. Ne5 Nd5
9. axb5 cxb5 10. e4 Nf6 11. Re1 Be7 12. f4 O-O 13. g4 Nc6 14. Nxc6 Bxc6 15. g5
Ne8 16. Be3 Qc7 17. Qh5 Bb4 18. Nc3 Bxc3 19. bxc3 f5 20. gxf6 Nxf6 21. Qc5 Qb7
22. Qe5 Rfe8 23. Bd2 a5 24. Rab1 Rab8 25. h4 Qe7 26. f5 exf5 27. Qxe7 Rxe7 28.
d5 Bd7 29. Bf4 Rc8 30. e5 1-0

[Event "50th World Juniors"]
[Site "Chennai IND"]
[Date "2011.08.04"]
[Round "3.54"]
[White "Vasli, Aref"]
[Black "Yohan, J."]
[Result "1/2-1/2"]
[WhiteElo "2181"]
[BlackElo "2017"]
[WhiteFideId "417521"]
[BlackFideId "5058589"]
[EventDate "2011.08.02"]

1. e4 e5 2. Nf3 Nc6 3. d4 exd4 4. Nxd4 Nf6 5. Nxc6 bxc6 6. e5 Qe7 7. Qe2 Nd5 8.
c4 Ba6 9. b3 O-O-O 10. g3 g5 11. Bb2 Bg7 12. Nd2 Rde8 13. O-O-O Nb6 14. f4 Kb8
15. Kb1 Rhg8 16. Nf3 gxf4 17. gxf4 c5 18. Rg1 Bb7 19. Bh3 f6 20. a4 a5 21. Nh4
fxe5 22. Nf5 Qf8 23. fxe5 d6 24. Nxg7 Rxg7 25. Qd2 Rxg1 26. Rxg1 dxe5 27. Qxa5
Qf3 28. Rg3 Qd1+ 29. Ka2 Rd8 30. Qxc5 e4 31. a5 Nc8 32. Rg7 Qd6 33. Qg5 Rf8 34.
Bxc8 Bxc8 35. Rxc7 Kxc7 36. Be5 Rf2+ 37. Kb1 Rf1+ 38. Kc2 Rf2+ 39. Kc3 1/2-1/2

[Event "50th World Juniors"]
[Site "Chennai IND"]
[Date "2011.08.04"]
[Round "3.56"]
[White "Kulkarni, Rakesh"]
[Black "Herman, Jean"]
[Result "1-0"]
[WhiteElo "2231"]
[BlackElo "2105"]
[WhiteFideId "5037077"]
[BlackFideId "263036"]
[EventDate "2011.08.02"]

1. e4 e6 2. d4 d5 3. exd5 exd5 4. c4 Nf6 5. Nc3 Bb4 6. Bd3 O-O 7. Ne2 dxc4 8.
Bxc4 Nbd7 9. O-O Nb6 10. Bd3 c6 11. Bg5 Be7 12. Rc1 Nfd5 13. Bxe7 Nxe7 14. Qc2
Kh8 15. Ne4 Bf5 16. Rfd1 Ned5 17. a3 Qe7 18. N2g3 Bg6 19. Nc5 Rfe8 20. Qd2 Kg8
21. b4 Qc7 22. b5 cxb5 23. Bxb5 Re7 24. h4 h6 25. h5 Bh7 26. a4 a5 27. Nb3 Qf4
28. Qxf4 Nxf4 29. Rc5 Ne6 30. Nf5 Rc7 31. Ne3 Be4 32. Re5 Bc6 33. Ra1 Nd7 34.
Rf5 Be4 35. d5 Bxf5 36. Nxf5 Nef8 37. Re1 Nf6 38. d6 Rc3 39. Nbd4 Rd8 40. Re7
N8d7 41. Nxg7 Rc1+ 42. Kh2 Ng4+ 43. Kg3 Kxg7 44. Ne6+ Kf6 45. Nxd8 Nde5 46. f4
Rc8 47. fxe5+ Kg5 48. Nxf7+ Kxh5 49. Rc7 1-0

[Event "50th World Juniors"]
[Site "Chennai IND"]
[Date "2011.08.04"]
[Round "3.58"]
[White "Lokesh, P."]
[Black "Ghaledar, Faraz"]
[Result "1-0"]
[WhiteElo "2194"]
[BlackElo "2088"]
[WhiteFideId "5023157"]
[BlackFideId "12510378"]
[EventDate "2011.08.02"]

1. e4 e6 2. d4 d5 3. Nd2 c5 4. exd5 exd5 5. Ngf3 Nc6 6. Bb5 Bd6 7. O-O Ne7 8.
dxc5 Bxc5 9. Nb3 Bd6 10. Bg5 O-O 11. Bh4 Bg4 12. Bg3 Re8 13. Be2 Rc8 14. Re1 Bh5
15. Qd2 Bxg3 16. hxg3 f6 17. Rad1 Qd7 18. Nc5 Qd6 19. Nb3 Bg6 20. c3 Rcd8 21.
Nh4 Be4 22. Bh5 Ng6 23. Nxg6 hxg6 24. Be2 Ne5 25. Bb5 Nd7 26. c4 Re5 27. Qd4 Bc2
28. Rxe5 Nxe5 29. c5 Qe7 30. Rd2 Bb1 31. a3 Ba2 32. Nc1 Bc4 33. Bxc4 Nxc4 34.
Re2 Qd7 35. Nd3 Na5 36. b4 Nc6 37. Qf4 g5 38. Qe3 Kf7 39. b5 Na5 40. c6 bxc6 41.
Nc5 Qd6 42. Ne6 Rd7 43. Nd4 Re7 44. Nf5 Rxe3 45. Nxd6+ Ke6 46. Rxe3+ Kxd6 47.
bxc6 Nc4 48. c7 Kxc7 49. Re6 Nxa3 1-0

[Event "50th World Juniors"]
[Site "Chennai IND"]
[Date "2011.08.04"]
[Round "3.59"]
[White "Yashas, D."]
[Black "Sekar, B"]
[Result "1-0"]
[WhiteElo "2184"]
[BlackElo "2061"]
[WhiteFideId "5030196"]
[BlackFideId "5043743"]
[EventDate "2011.08.02"]

1. e4 c5 2. Na3 d6 3. c3 Nf6 4. d3 Nc6 5. f4 g6 6. Nf3 Bg7 7. g3 O-O 8. Bg2 Rb8
9. O-O b5 10. Nc2 Qb6 11. Qe2 b4 12. Bd2 bxc3 13. bxc3 Ba6 14. Rac1 Rfd8 15. Ne3
e6 16. c4 Nd4 17. Nxd4 cxd4 18. Nd1 Bc8 19. g4 Bd7 20. Kh1 Qc5 21. h3 Ne8 22. f5
exf5 23. gxf5 gxf5 24. exf5 Bxf5 25. Bd5 Bg6 26. Bg5 Rd7 27. Rb1 Rc8 28. Rb5 Qa3
29. Rb8 Qc5 30. Qg4 Nc7 31. Bb7 Ne6 32. Rf5 Qc7 33. Bd2 Re7 34. Bxc8 Qxc8 35.
Bg5 Re8 36. Bf6 Qc6+ 37. Kh2 Bh6 38. Rh5 Bf4+ 39. Kg1 Bd2 40. Rb2 Ng7 1-0

[Event "50th World Juniors"]
[Site "Chennai IND"]
[Date "2011.08.04"]
[Round "3.60"]
[White "Jaswant, G"]
[Black "Lim, Zhuo Ren"]
[Result "0-1"]
[WhiteElo "2036"]
[BlackElo "2155"]
[WhiteFideId "5039401"]
[BlackFideId "5702488"]
[EventDate "2011.08.02"]

1. d4 d6 2. c4 e5 3. dxe5 dxe5 4. Qxd8+ Kxd8 5. Nf3 f6 6. Nc3 c6 7. e3 Kc7 8.
Be2 Be6 9. O-O Nd7 10. b3 Nh6 11. Bb2 Nf7 12. Rac1 Bc5 13. Rfd1 Rhd8 14. Nd5+
Kb8 15. Nc3 b6 16. Ne4 Bf8 17. c5 Kc7 18. Ba3 h6 19. h3 f5 20. Nd6 bxc5 21. Bc4
Bxc4 22. Nxc4 g5 23. Nb2 e4 24. Nd2 Nfe5 25. Ndc4 Nxc4 26. Nxc4 Nb6 27. Na5 Rd4
28. Ra1 Re8 29. Rac1 Re5 30. Kf1 Red5 0-1

[Event "50th World Juniors"]
[Site "Chennai IND"]
[Date "2011.08.04"]
[Round "3.62"]
[White "Kourkoulos-Arditis, Stamatis"]
[Black "Rodriguez Aleman, Eduardo"]
[Result "1/2-1/2"]
[WhiteElo "2123"]
[BlackElo "1997"]
[WhiteFideId "4221990"]
[BlackFideId "5111668"]
[EventDate "2011.08.02"]

1. e4 c5 2. Nf3 e6 3. d4 cxd4 4. Nxd4 Nf6 5. Nc3 Nc6 6. Ndb5 d6 7. Bf4 e5 8. Bg5
a6 9. Na3 b5 10. Nd5 Be7 11. Bxf6 Bxf6 12. c3 Bg5 13. Nc2 O-O 14. a4 bxa4 15.
Rxa4 a5 16. Bc4 Rb8 17. b3 Kh8 18. Nce3 g6 19. O-O f5 20. exf5 gxf5 21. Qh5 Bd7
22. f4 exf4 23. Nxf4 Ne5 24. Raa1 a4 25. Ned5 Be8 26. Qh3 Qc8 27. Qg3 Bd8 28.
Rae1 axb3 29. Rxe5 Qxc4 30. Ne6 Rg8 31. Rexf5 Qxf1+ 32. Rxf1 Rxg3 33. hxg3 Bf6
34. Nxf6 Bg6 1/2-1/2